000 00520nam a22001697a 4500
005 20231116100347.0
008 231116b |||||||| |||| 00| 0 eng d
020 _a9780409060256 ; 9780409060263
041 _aEnglish
082 _a344.1 VAN
100 _lEnglish
245 _aPrinciples and Practice of Labour Law /
_cedited by F van Jaarsveld
260 _aDurban :
_bLexisNexis (Pty) Ltd,
_c2001
300 _bxii,
_c26 cm.
650 _aLegal practice
_bLaw
942 _cBK
_6ALISON_BN_VRIES
999 _c720
_d720